Sports Quiz

Random Sports or NFL Quiz

NFL QB Career Comeback Wins Quiz Stats

Quiz Updated Jan 4, 2018

Also try: NFL Career QB Wins
Challenge
Share
Tweet
Score 0/28 Timer 05:00
1 Play Today
4th Quarter Comebacks QB's % Correct
45Peyton Manning
98.4%
30Eli Manning
97.9%
41Tom Brady
92.8%
30Brett Favre
88.1%
36Dan Marino
86.2%
35John Elway
85.8%
31Joe Montana
85.4%
30Drew Brees
76.5%
24Philip Rivers
74.6%
32Ben Roethlisberger
71%
26Warren Moon
61.7%
27Johnny Unitas
57.7%
22Jim Kelly
54.6%
27Matt Ryan
54.6%
4th Quarter Comebacks QB's % Correct
29Vinny Testaverde
52.4%
25Tony Romo
52.1%
26Matthew Stafford
47.9%
30Fran Tarkenton
47.3%
24Drew Bledsoe
47.1%
24Dan Fouts
43%
23Carson Palmer
41.3%
21Randall Cunningham
36.7%
21Kerry Collins
35.7%
23Jay Cutler
32.9%
20Jake Plummer
18.3%
24Dave Krieg
17%
20Jim Hart
8.3%
20Joe Ferguson
4.7%

You're not logged in!

Compare scores with friends on all Sporcle quizzes.
Join for Free
OR
Log In

You Might Also Like...

Show Comments

Extras

Top Quizzes Today


Score Distribution

Your Account Isn't Verified!

In order to create a playlist on Sporcle, you need to verify the email address you used during registration. Go to your Sporcle Settings to finish the process.

Report this User

Report this user for behavior that violates our Community Guidelines.

Details: